West Brom Top Goalscorers of All Time - Statistics

General Stats
  • This quiz has been taken 12 times
  • The average score is 14 of 50
Answer Stats
Player APP Goals % Correct
Alistair Brown 252 64
80%
Tony Brown 516 199
80%
Cyrille Regis 257 89
70%
Jeff Astle 327 161
70%
Peter Odemwingie 90 31
70%
Chris Brunt 421 49
60%
Keith Smith 68 33
60%
Kevin Phillips 81 46
60%
Lee Hughes 230 97
60%
Matt Phillips 255 31
60%
Bob Taylor 162 40
50%
Bryan Robson 196 41
50%
Jason Koumas 141 23
50%
Salomon Rondon 120 28
50%
Sir Bobby Robson 241 56
50%
Hal Robson-Kanu 154 24
40%
James Morrison 341 39
40%
Jason Roberts 95 26
40%
Laurie Cunningham 99 26
40%
Peter Barnes 78 23
40%
Zoltan Gera 191 29
40%
Graham Dorrans 189 26
30%
Jay Rodriguez 90 33
30%
Saido Berahino 121 36
30%
Clive Clark 333 92
20%
Colin Suggett 140 24
10%
Derek Kevan 267 158
10%
Diomansy Kamara 72 25
10%
Dwight Gayle 41 24
10%
Grady Diangana 193 26
10%
John Kaye 322 52
10%
Neil Clement 294 23
10%
Robert Koren 149 23
10%
Ronnie Allen 423 214
10%
Scott Dobie 125 26
10%
Alec Jackson 197 50
0%
Andy Hunt 104 30
0%
Bobby Cram 159 26
0%
Bobby Hope 373 39
0%
David Burnside 129 39
0%
Davy Walsh 56 29
0%
Frank Griffin 247 50
0%
Garry Thompson 92 40
0%
George Lee 280 60
0%
Johnny Nicholls 137 59
0%
Karlan Grant 133 30
0%
Ken Foggo 132 30
0%
Ray Barlow 381 23
0%
Reg Ryan 209 28
0%
Roman Bednar 106 33
0%
No matching quizzes found
Score Distribution
Percent of People with Each Score
Percentile by Number Answered
Your Score History
You have not taken this quiz